000 00328nam a2200133Ia 4500
008 100328s9999 xx 000 0 und d
082 _b72199
100 _aसाळोखे विलास.
245 _aघायाळ
260 _bअजब.
630 _aघायाळ
730 _aघायाळ
942 _cBOOK
999 _c557921
_d557918